00401nam a2200157 a 4500008004100000020001500041050001400056100001900070245002300089246004400112260002900156300001000185350000900195650001500204650002400219120416s1987 ||||||||||||||||| || u a1850911916 aHD 50 Jen aJenks, James M10aDon't do delegate! athe secret power of successful managers aLondonbKogan Pagec1987 a174p. a0.00 0aMANAGEMENT aSUCCESSFUL MANAGERS